Geographie nach Buchstaben - X - Statistiken

Allgemein
  • Dieses Quiz wurde 180 mal gespielt
  • Das Durchschnittsergebnis liegt bei 3 aus 11
Antwortstatistiken
Hinweis Antwort % Korrekt
Deutsche Stadt nahe der holländischen Grenze Xanten
87%
Stadt der Terrakotta-Krieger Xi'an
62%
Die Namen zweier Könige des alten Persiens Xerxes
60%
Jerez de la Frontera, eine spanische Stadt, auf Französisch Xerés
38%
Chinesische Stadt in der Provinz Fujian, 7 Millionen Einwohner Xiamen
29%
Ξάνθη, eine Stadt im Nordosten Griechenlands, 65.000 Einwohner Xanthi
15%
Hauptstadt der Yuan-Dynastie von Kublai Khan Xanadu
12%
Hauptstadt des Bundesstaates Veracruz in Mexiko Xalapa
6%
Brasilianischer Nebenfluss des Amazonas, 1980 km lang Xingu
6%
Touristenziel in Mexiko-Stadt mit Kanälen und Seen (im Bild) Xochimilco
6%
Pflanzen, die an trockene Umgebungen angepasst sind, wie Kakteen Xerophyt
5%
Keine übereinstimmenden Quizze gefunden
Verteilung der Resultate
Anzahl Personen mit jedem Resultat
Perzentil nach korrekt beantworteten Fragen
Ihre Resultats-Entwicklung
Sie haben dieses Quiz noch nicht gespielt